01350nam a2200325 i 4500001000700000003000700007005001700014007000300031008004100034017005000075020001800125035002100143035001300164040003900177080001300216100004100229245008400270250003600354260004500390300006100435336003200496337003100528338002400559490001400583520020400597655003000801655003000831700003200861852013100893193158SpMaBN20250825062646.0ta230915s2016 sp a | |||| 000 1 spa  aM 37678-2015bOficina Depósito Legal Madrid a9788491220350 a(OCoLC)946114828 aa5766929 aSpMaBNbspacSpMaBNerdcdES-MaACL a087.5:821 aMontero, Rosa,d1951-0XX968899eaut14aLas barbaridades de Bárbara /cRosa Montero ; ilustraciones de Daniel Torres. aCuarta edición: marzo de 2020 1a[Tres Cantos, Madrid] :bLoqueleo,c2020 a175 páginas :bilustraciones (blanco y negro) ;c21 cm aTexto (visual)2isbdcontent asin mediación2isbdmedia 2rdacarrieravolumen0 aNarrativa aSe trata de las aventuras desternillantes de una niña de hoy, dicharachera y despierta, que aplica a todo su aplastante lógica infantil y no entiende, en muchos casos, la lógica de los adultos. 7aLibros infantiles2tgfbne 7aLibros ilustrados2tgfbne1 aTorres, Daniel,d1958-eill aES-MaACLjN-9483bR.154711cDEPOJgDedicatoria autógrafa de la autora hDonación: Rosa MonteroxEncuadernación rústica